Quizzes
Events
Quiz Creation
Community
Videos
Private Events
Remove Ads
Sign In
Join for FREE
Feedback
Dark Mode
Quiz Categories
Sports
Geography
Music
Movies
Television
Just For Fun
Miscellaneous
History
Literature
Language
Science
Gaming
Entertainment
Religion
Holiday
For Kids
Quiz Lab
Recent
Popular Today
Quiz Kudos Today
Editor Picks
Curator Picks
Quizzes by...
Day
Popularity
Type
Ratings
Length
Year
Community
Subscriptions
Recent Discussions
Orange Saloon
Badges
Playlists
Quests
Create
Leaderboards
Showdown
Live 5
Trivia Bingo
Activity
Puzzle Library
Sporcle Events
Private Events
Virtual Trivia
Globe League
Become a Host
Pub Owners
SporcleCon
Opinionation
Our Games
Videos
Blog
Mobile Apps
Partnerships
Remove Ads and Go Orange
Feedback
Television
TV Characters
TV Show
Sitcom
Network
Friends
Reality Shows
Cast
South Park
Star Trek
The Simpsons
Doctor Who
Television
TV Characters
TV Show
Sitcom
Network
Friends
Reality Shows
Cast
South Park
Star Trek
The Simpsons
Doctor Who
Random Quiz
Search Sporcle
×
Quiz Lab
Quiz Lab
Television
Musical
Type in answers that appear in a list
Type in answers that appear in a list
Classic
Best Score? Go Orange.
The Nightman Cometh Stats
Can you name the Nightman Cometh Lyrics?
By
WhoWitMe
6m
51 Questions
337 Plays
337 Plays
337 Plays
Comments
Comments
Give Quiz Kudos
Give Quiz Kudos
-
- Ratings
hide this ad
Forced Order
Answers have to be entered in order
Answers have to be entered in order
Replay
Link that replays current quiz
Next Quiz
Link to next quiz in quiz playlist
You Got
0%
They Got
Avg Score
62%
Avg Friend Score
Upgrade to see
Score Distribution
Jump to the score distribution portion of the page
Score
0/51
Timer
06:00
0
Plays Today
Lyrics
Missing Lyric/s
% Correct
What is this strange _
_
_
_
_
_
?
feeling?
95%
if you wanna get into that _
_
_
_
_
_
_
_
_
_
.
boy's soul.
81%
Tiny boy, little boy, baby boy, I _
_
_
_
_
_
_
_
_
_
I need you
80.4%
You gotta pay the _
_
_
_
_
_
_
_
_
_
troll toll
80.4%
If you only _
_
_
_
_
, what I'd do to you,
knew
79.2%
If _
_
_
_
_
only knew what I'd do to you,
you
78.6%
Just the way you like 'em! Did you bring the _
_
_
_
_
?
toll?
77.7%
I need _
_
_
_
_
you
76%
Confound your lousy _
_
_
_
_
, _
_
_
_
_
!
toll, troll!
75.4%
If I was that boy that's _
_
_
_
_
of you!
inside
72.1%
Fighter of the _
_
_
_
_
(ah-
ah-
ah!)
Nightman
72.1%
Champion of the _
_
_
_
_
(ah-
ah-
ah!)
sun
71.5%
You gotta _
_
_
_
_
_
_
_
_
_
_
_
_
_
_
_
_
_
_
_
pay the troll toll
70.9%
You gotta pay the _
_
_
_
_
_
_
_
_
_
_
_
_
_
_
_
_
_
_
_
_
_
_
_
_
!
troll toll to get in!
70.6%
You're a master of _
_
_
_
_
and _
_
_
_
_
karate friendship
70%
If I was that boy _
_
_
_
_
inside of you
that's
69.7%
for _
_
_
_
_
! (x3)
everyone!
69.7%
Tiny boy, little boy want to _
_
_
_
_
_
_
_
_
_
to you boy
make love
68.8%
_
_
_
_
_
(ah-
ah-
ah!)
Dayman
68.5%
Tiny boy, little boy, _
_
_
_
_
_
_
_
_
_
I need you.
baby boy
68%
boy oh boy, boy oh boy oh boy oh boy, _
_
_
_
_
_
_
_
_
_
Oh boy
67.7%
You gotta pay the _
_
_
_
_
_
_
_
_
_
, _
_
_
_
_
_
_
_
_
_
_
_
_
_
_
!
troll toll, to get in!
67.4%
_
_
_
_
_
!
Daymaaaaan!
67.1%
Here's your _
_
_
_
_
, _
_
_
_
_
!
toll, troll!
66.2%
What'd you _
_
_
_
_
?!
say?!
64.4%
Yeah! He's _
_
_
_
_
right over there!
sleeping?
64.1%
Lyrics
Missing Lyric/s
% Correct
Is he _
_
_
_
_
?
sleeping?
62%
now I'm here to ask for your _
_
_
_
_
,
hand
61.4%
_
_
_
_
_
_
_
_
_
_
!
Troll toll!
60.2%
I was that _
_
_
_
_
_
_
_
_
_
.
little boy
60.2%
I once was a _
_
_
_
_
, but now I am a _
_
_
_
_
.
boy man
60.2%
I feel so _
_
_
_
_
_
_
_
_
_
.
strange inside.
59.6%
_
_
_
_
_
_
_
_
_
_
!
Troll toll!
58.5%
I fought the _
_
_
_
_
_
, lived as _
_
_
_
_
,
Nightman, lived as Dayman,
58.5%
will you _
_
_
_
_
_
_
_
_
_
?
marry me?
57.9%
You want the _
_
_
_
_
_
_
_
_
_
_
_
_
_
_
baby boy's soul
57.6%
Your boy _
_
_
_
_
!
awaits
57%
_
_
_
_
_
_
_
_
_
_
!
Troll Toll!
56.4%
At last, the boy's _
_
_
_
_
_
_
_
_
_
_
_
_
_
_
!
soul is mine!
55.5%
It's so _
_
_
_
_
, but _
_
_
_
_
.
strange but appealing
54.9%
I feel... _
_
_
_
_
. Oh!
good
53.7%
_
_
_
_
_
_
_
_
_
_
_
_
_
_
_
!
Hey hey hey!
53.7%
so if you want to _
_
_
_
_
, man,
marry
51.9%
in this thing called _
_
_
_
_
?
matrimony?
50.1%
You _
_
_
_
_
_
_
_
_
_
_
_
_
_
_
right time!
came at the
49%
that _
_
_
_
_
_
_
_
_
_
_
_
_
_
_
was me.
little baby boy
45.7%
Won't you come on _
_
_
_
_
and _
_
_
_
_
me,
stage and join me.
42.4%
Tiny boy, little boy, I want to _
_
_
_
_
you _
_
_
_
_
.
touch you boy
38.6%
Please say yes and do not _
_
_
_
_
me.
bone
32%
Please _
_
_
_
_
_
_
_
_
_
_
_
_
_
_
!
just marry me!
30.6%
Inside, Inside, Inside of my _
_
_
_
_
.
mind
25.5%
Quiz Playlist
Details
Report
Send in Message
Add To Playlist
Classic:
Type in answers that appear in a list
Forced Order:
Answers have to be entered in order
Quiz Source
Last Updated: Feb 16, 2017
Quiz Scoreboard
CHALLENGE
Sign Up to Join the Scoreboard
Show All
Scores
Hide
Comments
May contain spoilers
Recently Published
Billboard Blitz: Fleetwood Mac
by CooCooCachoo
Music
15s
Presidents Visiting Landmarks
by Hejman
History
7m
An Introduction to Baseball
by treessimontrees
Sports
5m
More to Explore
Quiz From the Vault
Featured Blog Post
Where Did the Easter Bunny Come From?
hide this ad
You Might Also Like...
Tags
Humor Quiz
Lyrics Quiz
Musical Quiz
Sitcom Quiz
charlie
Comedy
episode
It's Always Sunny in Philadelphia
Philadelphia
theatre
TV Quotes
Today's Top Quizzes in Television
Browse Television
hide this ad
Today's Top Quizzes in Musical
Browse Musical
Top Contributed Quizzes in Television
1
5-to-1: The Simpsons Families
2
5-to-1: Television Doctors
3
7-to-1: TV Show Settings
4
One Piece Logic Puzzle
5
5-to-1: Streaming Originals
6
Survivor Seasons
7
Survivor Logic Puzzle: Heroes vs. Villains
8
TV Shows by First Names
9
Survivor Season by Logo
10
Survivor Trivia
Explore More
Trending Topics
NBA
Disney
Anime
Kpop
Marvel
Harry Potter
Crossword
Pokémon
Soccer
Song
Puzzle
Country
NFL
The Office
WWE
hide this ad
More By:
WhoWitMe
Quiz
Plays
Rating
Category
Featured
Created
R&B/Hip-Hop number 1 hits of 2000-2009 (clips)
2,174
4.25
Music
May 7, 2010
Mr. Bean Trivia
1,624
3.88
Television
Sep 3, 2010
Hip Hop Tracks
1,567
4.83
Music
Mar 16, 2010
Hip Hop Tracks Part II
732
4.80
Music
Mar 16, 2010
'90s Hip Hop Songs
604
4.33
Music
Mar 18, 2010
Go to Creator's Profile
Score Distribution
Quiz Creator Spotlight
WhoWitMe
Follow
Send a Message
Quizzes Created
-
Created Quiz Play Count
-
More By This Creator
Popular Quizzes Today
1
Find the US States - No Outlines Minefield
2
Find the Countries of Europe - No Outlines Minefield
3
The Countries of the World
4
Find the US States
5
US States
6
Risky Map Clicking: Biggest States A-Z
7
Popular People in 1961
8
Movies - When Are They Set?
More Television Quizzes
Ten Ends: 2006 TV Finales
Quiz Lab
Trending Quizzes
Risky Map Clicking: Least Populous States A-Z
1-10 Letter G Words
1-10 Letter F Words
Risky Map Clicking: Next State Alphabetically
Risky Map Clicking: Biggest States A-Z
Recently Updated
Leaping Animals
pecheneg
Reality TV Shows (A-Z)
bhenderson79
Rickey Henderson's Hall of Fame Teammates
pecheneg
Champions League XIs: Arsenal
pecheneg
Quick Pick: Celebrities in WWE's Hall of Fame
aduchscher
A-Z Keypad Blitz II
pecheneg
Multiple Oscar Actors
pecheneg
Mystery Phrase Blitz: Oscar 'Best Actors'
pecheneg
F. Scott Fitzgerald Novels
LTH
Pick 3 Villains
ddd62291
Trending Topics
Marvel
Kpop
Crossword
Harry Potter
Disney
NBA
Anime
Puzzle
NFL
The Office
Country
Song
Soccer
Pokémon
WWE
Your Account Isn't Verified!
In order to create a playlist on Sporcle, you need to verify the email address you used during registration. Go to your
Sporcle Settings
to finish the process.
Report this User
Report this user for behavior that violates our
Community Guidelines
.
Details:
Send Report
Go to the Sporcle.com Mobile Site →
Comments